000 00864cad a22002295a 4500
001 L141709
008 071214s2007 xxkad f s 000 0 eng d
035 _a(Sirsi) u141709
041 0 _aeng
050 0 4 _a333.33 $2 18
110 2 _aInvestment Property Databank
_92288
245 0 0 _aIPD UK monthly property index
_bOctober 2007
_h[electronic resource]
260 _aLondon
_bIPD
_c2007
490 0 _aIPD UK Monthly Property Index
_vOctober 2007
520 _aReports the total return on All Property as -1.5% in October. Total returns fell by 1.5% in October, compared to 1.2% in September.
590 _aKA
650 2 4 _aIPD UK MONTHLY PROPERTY INDEX
651 4 _aUnited Kingdom
_y
690 _aPROPERTY-COMMERCIAL PROPERTY-COMMERCIAL PROPERTY MARKET
856 4 0 _uhttps://www.ipd.com/
_zView this report free of charge at www.ipd.com...
942 _n0
999 _c107744
_d107744